000 00466nam a2200145Ia 4500
008 100122s9999 xx 000 0 und d
082 _b15685
_a823.08
100 _aलेखक शोधणे
245 _aमाणूसकीचा गहिवर
260 _bप्रकाशक शोधणे
_c1969
300 _a200
630 _aमाणूसकीचा गहिवर
730 _aमाणूसकीचा गहिवर
942 _cBOOK
999 _c405880
_d405877